000 00298nam a22001337a 4500
008 170728b xxu||||| |||| 00| 0 eng d
020 _a9780078815386
041 _aeng
080 _22ND
_a004
100 _a31
101 _aSHK
245 _aC THE COMPLETE REFERENCE
_cSCHILDT,H
942 _2udc
_cBK
999 _c22126
_d22126